Ч. 1; Учебник английского языка

Bibliographic Details
Parent link:Учебник английского языка: В 2-х частях/ Н. А. Бонк, Г. А. Котий, Н. А. Лукьянова. Ч. 1.— , 1997
Language:Russian
English
Published: 1997
Subjects:
Format: MixedMaterials Book
KOHA link:https://koha.lib.tpu.ru/cgi-bin/koha/opac-detail.pl?biblionumber=5424

MARC

LEADER 00000nam0a2200000 4500
001 5424
005 20231101204424.0
010 |a 5886970061 
035 |a (RuTPU)RU\TPU\book\5452 
035 |a BOOK00005503 
090 |a 5424 
100 |a 20011209d1997 m y0rusy50 ca 
101 0 |a rus  |a eng 
102 |a RU 
105 |a y j 000zy 
200 0 |a Ч. 1 
210 |d 1997 
215 |a 638 с. 
461 |t Учебник английского языка  |o В 2-х частях  |v Ч. 1  |f Н. А. Бонк, Г. А. Котий, Н. А. Лукьянова  |d 1997 
606 1 |a Английский язык  |x Учебные руководства и пособия  |x Учебные руководства и пособия для высшей школы  |2 stltpush  |3 (RuTPU)RU\TPU\subj\29071  |9 52483 
610 1 |a самоучители 
610 1 |a лексика 
610 1 |a грамматика 
610 1 |a разговорная речь 
610 1 |a упражнения 
686 |a Ш143.21-923  |v LBC/SL-A  |2 rubbk 
801 0 |a RU  |b 63413507  |c 20011209  |g PSBO 
801 2 |a RU  |b 63413507  |c 20230627  |g PSBO 
942 |c BK